Last Countries Alphabetically (A-Z) - Statistics

General Stats
  • This quiz has been taken 1,228 times
  • The average score is 17 of 24
Answer Stats
Letter Country % Correct
Y Yemen
92%
O Oman
91%
Q Qatar
91%
Z Zimbabwe
91%
A Azerbaijan
86%
J Jordan
80%
F France
78%
U Uzbekistan
78%
H Hungary
76%
R Rwanda
76%
V Vietnam
74%
C Czech Republic
71%
G Guyana
69%
B Burundi
68%
K Kyrgyzstan
67%
E Ethiopia
66%
I Italy
66%
T Tuvalu
65%
S Syria
63%
D Dominican Republic
59%
L Luxembourg
58%
M Myanmar
57%
P Portugal
57%
N Norway
55%
No matching quizzes found
Score Distribution
Percent of People with Each Score
Percentile by Number Answered
Your Score History
You have not taken this quiz